000 00474nam a2200181Ia 4500
008 151202s9999||||xx |||||||||||||| ||und||
082 _bPNVM-12967
100 _aभावे पु.भा.
245 _aदेव्हारा.
260 _b---
260 _c0
300 _a0
600 _aभावे पु.भा.
630 _aदेव्हारा.
700 _aभावे पु.भा.
730 _aदेव्हारा.
942 _cBOOK
999 _c1278954
_d1278951